100 najlepszych tenisistek rankingu WTA (2023) - Statystyki

Ogólne statystyki
  • Ten quiz został rozwiązany 546 razy
    347 od ostatniego zresetowania
  • Średni wynik to 33 z 100
Statystyki odpowiedzi
Lp Tenisista Kraj % Poprawnych
1 Iga Świątek Polska
100%
2 Aryna Sabalenka Białoruś
99%
3 Elena Rybakina Kazachstan
93%
7 Coco Gauff USA
90%
25 Magda Linette Polska
87%
5 Ons Jabeur Tunezja
86%
9 Maria Sakkari Grecja
85%
4 Jessica Pegula USA
78%
77 Magdalena Fręch Polska
75%
13 Beatriz Haddad Maia Brazylia
73%
6 Caroline Garcia Francja
73%
20 Jelena Ostapenko Łotwa
69%
12 Barbora Krejcikova Czechy
65%
18 Karolina Muchova Czechy
65%
19 Victoria Azarenka Białoruś
64%
15 Belinda Bencic Szwajcaria
62%
27 Elina Svitolina Ukraina
61%
24 Qinwen Zheng Chiny
61%
8 Petra Kvitova Czechy
60%
10 Marketa Vondrousova Czechy
57%
11 Daria Kasatkina Rosja
55%
23 Karolina Pliskova Czechy
52%
22 Donna Vekic Chorwacja
50%
16 Madison Keys USA
48%
53 Jasmine Paolini Włochy
47%
32 Paula Badosa Hiszpania
47%
56 Simona Halep Rumunia
43%
29 Elise Mertens Belgia
42%
30 Mayar Sherif Egipt
42%
70 Xinyu Wang Chiny
41%
78 Xiyu Wang Chiny
41%
45 Shuai Zhang Chiny
39%
87 Leylah Fernandez Kanada
37%
47 Danielle Collins USA
35%
31 Sorana Cirstea Rumunia
35%
79 Linda Noskova Czechy
33%
61 Camila Osorio Kolumbia
32%
28 Anhelina Kalinina Ukraina
30%
21 Jekatierina Aleksandrowa Rosja
30%
35 Katerina Siniakova Czechy
30%
33 Marta Kostjuk Ukraina
30%
38 Petra Martic Chorwacja
30%
17 Ludmiła Samsonowa Rosja
29%
86 Sara Sorribes Tormo Hiszpania
29%
95 Sofia Kenin USA
29%
93 Clara Tauson Dania
28%
58 Julia Putincewa Kazchstan
28%
37 Arantxa Rus Holandia
26%
41 Irina-Camelia Begu Rumunia
26%
72 Katie Boulter Wielka Brytania
25%
36 Sloane Stephens USA
25%
99 Danka Kovinic Czarnogóra
24%
55 Emma Navarro USA
24%
100 Anastazja Pawluczenkowa Rosja
23%
26 Anastazja Potapowa Rosja
23%
49 Camila Giorgi Włochy
23%
43 Bianca Andreescu Kanada
22%
85 Kaia Kanepi Estonia
22%
46 Łesia Curenko Ukraina
22%
65 Mirra Andriejewa Rosja
22%
66 Tatjana Maria Niemcy
22%
67 Nadia Podoroska Argentyna
21%
75 Aliaksandra Sasnowicz Białoruś
20%
74 Alize Cornet Francja
19%
63 Martina Trevisan Włochy
19%
14 Weronika Kudiermietowa Rosja
19%
40 Lin Zhu Chiny
18%
39 Marie Bouzkova Czechy
18%
62 Ajla Tomljanovic Australia
17%
51 Ana Bogdan Rumunia
17%
64 Anna Kalinskaja Rosja
17%
91 Clara Burel Francja
17%
69 Lucia Bronzetti Włochy
16%
80 Anna-Karolina Schmiedlova Słowacja
15%
82 Cristina Bucsa Hiszpania
14%
76 Claire Liu USA
13%
92 Diane Parry Francja
13%
44 Elisabetta Cocciaretto Włochy
13%
84 Rebecca Peterson Szwecja
13%
83 Diana Schnaider Rosja
12%
57 Linda Fruhvirtova Czechy
12%
97 Jodie Burrage Wielka Brytania
11%
88 Panna Udvardy Węgry
11%
52 Bernarda Pera USA
10%
59 Julia Grabher Austria
10%
48 Alycia Parks USA
9%
34 Anna Blinkowa Rosja
9%
60 Peyton Stearns USA
9%
42 Warwara Graczewa Francja
9%
89 Rebecca Marino Kanada
8%
50 Shelby Rogers USA
7%
94 Tamara Korpatsch Niemcy
7%
68 Elina Awanesian Rosja
6%
96 Kateryna Baindl Ukraina
5%
98 Kayla Day USA
5%
73 Rebeka Masarova Hiszpania
5%
90 Anna-Lena Friedsam Niemcy
4%
81 Kamilla Rachimowa Rosja
4%
54 Lauren Davis USA
4%
71 Caty McNally USA
3%
Nie znaleziono quizów pasujących do podanych kryteriów
Rozkład punktacji
Procent ludzi z każdym wynikiem
Percentyl według liczby udzielonych odpowiedzi
Twoja historia wyników
Nie rozwiązałeś tego quizu od ostatniego zresetowania